| 000 | 01548cam a2200385 a 4500 | ||
|---|---|---|---|
| 999 |
_c18605 _d18605 |
||
| 001 | 1125017 | ||
| 005 | 20170113111539.0 | ||
| 008 | 940909s1995 nyua b 000 0 eng | ||
| 010 | _a 94024465 | ||
| 020 | _a0486284050 (pbk.) | ||
| 040 |
_aDLC _cDLC _dDLC |
||
| 050 | 0 | 0 |
_aNK3630 _b.H36 1995 |
| 100 | _aEdited by Clarence P. Hornung | ||
| 130 | 0 |
_aHandbook of early advertising art. _kSelections. |
|
| 245 | 1 | 0 |
_aEarly advertising alphabets, initials, and typographic ornaments / _cedited by Clarence P. Hornung. |
| 250 | _a4th rev. ed. | ||
| 260 |
_aNew York : _bDover Publications, _c1995. |
||
| 300 |
_a150 p. : _bill. ; _c31 cm. |
||
| 440 | 0 | _aDover pictorial archive series | |
| 500 | _aAbridged ed. of: Handbook of early advertising art. 3rd ed. 1956. | ||
| 504 | _aIncludes bibliographical references (p. 149). | ||
| 650 | 0 | _aAlphabets. | |
| 650 | 0 | _aInitials. | |
| 650 | 0 | _aPrinters' ornaments. | |
| 650 | 0 |
_aDecoration and ornament _xHistory _y19th century. |
|
| 650 | 0 | _aCommercial art. | |
| 700 | 1 | _aHornung, Clarence Pearson. | |
| 856 | 4 | 2 |
_3Publisher description _uhttp://www.loc.gov/catdir/description/dover031/94024465.html |
| 942 |
_2lcc _cBOOKS _hNK3630 .H36 1995 |
||